000 00447cam a2200157ua 4500
041 _aeng
_h
082 _a028.72631
_bBIL/ST
100 _aBill, Butterworth .
245 _aStraw manual: A practical guide to cost effective straw utilisation and disposal /
_cBill Butterworth.
_hTextual Documents
250 _a1 /
_b.
260 _alondon :
_bE&FN spon Ltd ,
_c1985.
300 _a212 ; .
504 _a
942 _cBK
999 _c6773
_d6773